Clifford the Big Red Dog Franchise - Statistics

General Stats
  • This quiz has been taken 16 times
  • The average score is 5 of 98
Answer Stats
Type Year Name Info % Correct
Children's Book 1963 Clifford, the Big Red Dog Norman Bridwell
100%
TV Show 2000-2003 Clifford the Big Red Dog PBS Kids / CBeebies
100%
TV Show 2019-Present Clifford the Big Red Dog Amazon Prime Video / PBS Kids
100%
Film 2020 Clifford the Big Red Dog Paramount
100%
Children's Book 1998 Clifford Keeps Cool Norman Bridwell
17%
Children's Book 1989 Clifford's Puppy Days Norman Bridwell
17%
TV Show 2003-2006 Clifford's Puppy Days PBS Kids
17%
Children's Book 2005 Clifford's Puppy Days: Christmas Angel Norman Bridwell
17%
Children's Book 1998 Clifford and the Big Parade Norman Bridwell
0%
Children's Book 1995 Clifford and the Big Storm Norman Bridwell
0%
Children's Book 1985 Clifford and the Grouchy Neighbors Norman Bridwell
0%
Children's Book 1999 Clifford and the Halloween Parade Norman Bridwell
0%
Children's Book 1977 Clifford at the Circus Norman Bridwell
0%
Children's Book 2000 Clifford Barks! Norman Bridwell
0%
Children's Book 2015 Clifford Celebrates Hanukkah Norman Bridwell
0%
Children's Book 1998 Clifford Counts 1 2 3 Norman Bridwell
0%
Children's Book 1992 Clifford Counts Bubbles Norman Bridwell
0%
Children's Book 1992 Clifford Follows His Nose Norman Bridwell
0%
Children's Book 2002 Clifford Goes to Dog School Norman Bridwell
0%
Children's Book 1980 Clifford Goes to Hollywood Norman Bridwell
0%
Children's Book 2015 Clifford Goes to Kindergarten Norman Bridwell
0%
Children's Book 2005 Clifford Goes to Washington Norman Bridwell
0%
Children's Book 1999 Clifford Grows Up Norman Bridwell
0%
Children's Book 1994 Clifford, I Love You Norman Bridwell
0%
Children's Book 2003 Clifford Loves Me! Norman Bridwell
0%
Children's Book 1998 Clifford Makes a Friend Norman Bridwell
0%
Children's Book 2011 Clifford Makes the Train Norman Bridwell
0%
Children's Book 2001 Clifford Runs to Story Time Norman Bridwell
0%
Children's Book 1983 Clifford's ABC Norman Bridwell
0%
Children's Book 1991 Clifford's Animal Sounds Norman Bridwell
0%
Children's Book 1991 Clifford's Bathtime Norman Bridwell
0%
Children's Book 1991 Clifford's Bedtime Norman Bridwell
0%
Children's Book 1999 Clifford's Best Friend: A Story About Emily Elizabeth Norman Bridwell
0%
Children's Book 1999 Clifford's Big Book of Things to Know Norman Bridwell
0%
Video Game ???? Clifford's Big Puzzle Game Wendy's
0%
Children's Book 2001 Clifford's Big Red Reader Norman Bridwell
0%
Children's Book 1988 Clifford's Birthday Party Norman Bridwell
0%
Children's Book 2002 Clifford's Busy Week Norman Bridwell
0%
Children's Book 1984 Clifford's Christmas Norman Bridwell
0%
Children's Book 2003 Clifford's Class Trip Norman Bridwell
0%
Children's Book 2003 Clifford's Day with Dad Norman Bridwell
0%
Children's Book 1984 Clifford's Family Norman Bridwell
0%
Children's Book 1997 Clifford's First Autumn Norman Bridwell
0%
Children's Book 1994 Clifford's First Christmas Norman Bridwell
0%
Children's Book 1995 Clifford's First Easter Norman Bridwell
0%
Children's Book 1995 Clifford's First Halloween Norman Bridwell
0%
Children's Book 1999 Clifford's First School Day Norman Bridwell
0%
Children's Book 2004 Clifford's First Sleepover Norman Bridwell
0%
Children's Book 1998 Clifford's First Snow Day Norman Bridwell
0%
Children's Book 1997 Clifford's First Valentine's Day Norman Bridwell
0%
Video 1988 Clifford's Fun with Letters Scholastic Studios / Mendelson-Melendez Productions / Nelvana / Wang Film Productions / Family Home Entertainment
0%
Video 1988 Clifford's Fun with Numbers Scholastic Studios / Mendelson-Melendez Productions / Nelvana / Wang Film Productions / Family Home Entertainment
0%
Video 1988 Clifford's Fun with Opposites Scholastic Studios / Mendelson-Melendez Productions / Nelvana / Wang Film Productions / Family Home Entertainment
0%
Video 1988 Clifford's Fun with Rhymes Scholastic Studios / Mendelson-Melendez Productions / Nelvana / Wang Film Productions / Family Home Entertainment
0%
Video 1988 Clifford's Fun with Shapes Scholastic Studios / Mendelson-Melendez Productions / Nelvana / Wang Film Productions / Family Home Entertainment
0%
Video 1988 Clifford's Fun with Sounds Scholastic Studios / Mendelson-Melendez Productions / Nelvana / Wang Film Productions / Family Home Entertainment
0%
Children's Book 2001 Clifford's Furry Friends Norman Bridwell
0%
Children's Book 1975 Clifford's Good Deeds Norman Bridwell
0%
Children's Book 1966 Clifford's Halloween Norman Bridwell
0%
Children's Book 1990 Clifford's Happy Days: A Pop-Up Book Norman Bridwell
0%
Children's Book 1992 Clifford's Happy Easter Norman Bridwell
0%
Children's Book 2001 Clifford's Happy Mother's Day Norman Bridwell
0%
Children's Book 1984 Clifford's Kitten Norman Bridwell
0%
Video Game 2001 Clifford's Learning Activity Scholastic Interactive
0%
Children's Book 1987 Clifford's Manners Norman Bridwell
0%
Video Game 2002 Clifford's Musical Memory Game Scholastic Interactive
0%
Children's Book 2002 Clifford's Neighborhood: Lots to Learn All Around Town Norman Bridwell
0%
Children's Book 1992 Clifford's Noisy Day Norman Bridwell
0%
Children's Book 2000 Clifford's Opposites Norman Bridwell
0%
Children's Book 1985 Clifford's Pals Norman Bridwell
0%
Children's Book 1991 Clifford's Peekaboo Norman Bridwell
0%
Children's Book 1997 Clifford's Peek-And-Seek Animal Riddles Norman Bridwell
0%
Video Game 2002 Clifford's Phonics Scholastic Interactive
0%
Children's Book 2001 Clifford's Puppy Fun: A Lift-The-Flap Board Book with Stickers Norman Bridwell
0%
Video Game 2000 Clifford's Reading Scholastic Interactive
0%
Film 2004 Clifford's Really Big Movie Warner Bros.
0%
Children's Book 1974 Clifford's Riddles Norman Bridwell
0%
Children's Book 2000 Clifford's Schoolhouse Norman Bridwell
0%
Video 1990 Clifford's Sing Along Adventure Kari-Lorimar Home Video
0%
Children's Book 1996 Clifford's Sports Day Norman Bridwell
0%
Children's Book 1997 Clifford's Spring Clean-Up Norman Bridwell
0%
Children's Book 1993 Clifford's Thanksgiving Visit Norman Bridwell
0%
Video Game 2000 Clifford's Thinking Games Scholastic Interactive
0%
Children's Book 1969 Clifford's Tricks Norman Bridwell
0%
Children's Book 2001 Clifford's Valentines Norman Bridwell
0%
Children's Book 1990 Clifford's Word Book Norman Bridwell
0%
Children's Book 1965 Clifford Takes a Job Norman Bridwell
0%
Children's Book 1966 Clifford Takes a Trip Norman Bridwell
0%
Children's Book 2009 Clifford the Champion Norman Bridwell
0%
Children's Book 1994 Clifford the Firehouse Dog Norman Bridwell
0%
Children's Book 1972 Clifford, the Small Red Puppy Norman Bridwell
0%
Children's Book 2000 Clifford to the Rescue Norman Bridwell
0%
Children's Book 2000 Clifford Visits the Hospital Norman Bridwell
0%
Children's Book 1991 Clifford, We Love You Norman Bridwell
0%
Children's Book 1998 Clifford: Where Is the Big Red Doggie? Norman Bridwell
0%
Children's Book 1987 Count on Clifford Norman Bridwell
0%
Children's Book 1998 Oops, Clifford! Norman Bridwell
0%
Children's Book 1989 Where Is Clifford? Norman Bridwell
0%
No matching quizzes found
Score Distribution
Percent of People with Each Score
Percentile by Number Answered
Your Score History
You have not taken this quiz